| 000 | 00518cam a2200181 a 4500 | ||
|---|---|---|---|
| 001 | 000022170 | ||
| 005 | 20200930011619.0 | ||
| 008 | 100917s1972 ck 000 0 spa d | ||
| 040 |
_aDO-SdBNP _bspa _cBNPHU |
||
| 082 |
_ann* _bnn* |
||
| 100 | 1 |
_aObando, Jose Maria. _945871 |
|
| 245 | 1 | 0 |
_aApuntamientos para la historia / _cJose Maria Obando. |
| 260 |
_aMedellĂn : _bBedout, _c1972. |
||
| 300 |
_a481 p. ; _c18 cm. |
||
| 490 | 1 |
_aBolsilibros Debout _v120 |
|
| 830 | 0 |
_aBolsilibros Debout _v120 _945872 |
|
| 049 | _aBNGR | ||
| 999 |
_c21668 _d21668 |
||